00338nam a2200133 450000500170000010000270001724500200004426400350006430000180009933600220011733700240013933800240016399900170018720260530113857.01 aJudy A. Juracek93188010aNatural Sufaces 1bThames and Hudson Londonc2001 a351 páginas atexto2rdacontent asin medio2rdamedia avolumen2rdacarrier c11669d11669